Cell separation methods and applications /

Bibliographic Details
Corporate Author: NetLibrary, Inc
Other Authors: Recktenwald, Diether, Radbruch, A. (Andreas)
Format: eBook
Language:English
Published: New York : M. Dekker, [1998]
Subjects:
Online Access:Connect to the full text of this electronic book

MARC

Tag First Indicator Second Indicator Subfields
LEADER 00000cam a2200000La 4500
001 in00001745525
005 20220105122440.0
006 m u
007 cr cn-
008 010326s1998 nyua sb 001 0 eng d
010 |z  97033113  
020 |a 0585360146 (electronic bk.) :  |c $145.00 
020 |z 0824798643 (alk. paper) 
035 |a (OCoLC)ocm47011033 
035 |a 34783  |b (N$T) 
040 |a N$T  |c N$T  |d OCL  |d UtOrBLW 
049 |a IKMN 
050 1 4 |a QH585.5.C44  |b C435 1998eb 
082 0 4 |a 571.6  |2 21 
245 0 0 |a Cell separation methods and applications /  |c edited by Diether Recktenwald, Andreas Radbruch. 
264 1 |a New York :  |b M. Dekker,  |c [1998] 
264 4 |c ©1998 
300 |a xv, 331 pages :  |b illustrations ;  |c 24 cm. 
336 |a text  |b txt  |2 rdacontent 
337 |a computer  |b c  |2 rdamedia 
338 |a online resource  |b cr  |2 rdacarrier 
504 |a Includes bibliographical references and index. 
533 |a Electronic reproduction.  |b Boulder, Colo. :  |c NetLibrary,  |d 2001.  |n Available via World Wide Web.  |n Access may be limited to NetLibrary affiliated libraries. 
500 |a Electronic resource. 
650 0 |a Cell separation.  |0 http://id.loc.gov/authorities/subjects/sh85021668 
655 7 |a Electronic books.  |2 local 
700 1 |a Recktenwald, Diether.  |0 http://id.loc.gov/authorities/names/n97088349 
700 1 |a Radbruch, A.  |q (Andreas)  |0 http://id.loc.gov/authorities/names/n93003654 
710 2 |a NetLibrary, Inc.  |0 http://id.loc.gov/authorities/names/no99080690 
776 0 |c Original  |w (DLC) 97033113  |w (OCoLC)37606210 
856 4 1 |u https://proxy.library.tamu.edu/login?url=http://www.netLibrary.com/urlapi.asp?action=summary&v=1&bookid=34783  |z Connect to the full text of this electronic book  |t 0 
994 |a 92  |b IKM 
999 |a MARS 
999 f f |s fd29547f-6a08-3af7-8fe1-ad36a7257d1a  |i 85083bc2-78e8-31fa-b440-00e308b90b8e  |t 0 
952 f f |a Texas A&M University  |b College Station  |c Electronic Resources  |d Available Online  |t 0  |e QH585.5.C44 C435 1998eb  |h Library of Congress classification 
998 f f |a QH585.5.C44 C435 1998eb  |t 0  |l Available Online